| 000 -LEADER |
| fixed length control field |
01698cam a2200433Ia 4500 |
| 001 - CONTROL NUMBER |
| control field |
9175484 |
| 003 - CONTROL NUMBER IDENTIFIER |
| control field |
Nust- CAS-E |
| 005 - DATE AND TIME OF LATEST TRANSACTION |
| control field |
20180118181359.0 |
| 006 - FIXED-LENGTH DATA ELEMENTS--ADDITIONAL MATERIAL CHARACTERISTICS |
| fixed length control field |
m u |
| 007 - PHYSICAL DESCRIPTION FIXED FIELD--GENERAL INFORMATION |
| fixed length control field |
cr cn||||||||| |
| 008 - FIXED-LENGTH DATA ELEMENTS--GENERAL INFORMATION |
| fixed length control field |
060630s2007 nyua sb 001 0 eng d |
| 010 ## - LIBRARY OF CONGRESS CONTROL NUMBER |
| Canceled/invalid LC control number |
87641192 |
| 020 ## - INTERNATIONAL STANDARD BOOK NUMBER |
| Canceled/invalid ISBN |
9780071428675 |
| 020 ## - INTERNATIONAL STANDARD BOOK NUMBER |
| Canceled/invalid ISBN |
0071428674 |
| 035 ## - SYSTEM CONTROL NUMBER |
| System control number |
(CaPaEBR)ebr10172650 |
| 035 ## - SYSTEM CONTROL NUMBER |
| System control number |
(NNC)9175484 |
| 040 ## - CATALOGING SOURCE |
| Original cataloging agency |
CaPaEBR |
| Transcribing agency |
CaPaEBR |
| 050 14 - LIBRARY OF CONGRESS CALL NUMBER |
| Classification number |
TJ151 |
| Item number |
.S82 2007eb |
| 082 04 - DEWEY DECIMAL CLASSIFICATION NUMBER |
| Classification number |
621 |
| Edition number |
22 |
| Author Mark |
MAR 2007 |
| 245 00 - TITLE STATEMENT |
| Title |
Marks' standard handbook for mechanical engineers |
| Medium |
[electronic resource]. |
| 246 32 - VARYING FORM OF TITLE |
| Title proper/short title |
Standard handbook for mechanical engineers |
| 250 ## - EDITION STATEMENT |
| Edition statement |
11th ed. / |
| Remainder of edition statement |
[edited by] Eugene A. Avallone, Theodore Baumeister III, Ali M. Sadegh. |
| 260 ## - PUBLICATION, DISTRIBUTION, ETC. |
| Place of publication, distribution, etc. |
New York ; |
| -- |
London : |
| Name of publisher, distributor, etc. |
McGraw-Hill, |
| Date of publication, distribution, etc. |
c2007. |
| 300 ## - PHYSICAL DESCRIPTION |
| Extent |
1 v. (various pagings) : |
| Other physical details |
ill. |
| 500 ## - GENERAL NOTE |
| General note |
Previous ed.: / Eugene A. Avallone, Theodore Baumeister III. 1996. |
| 504 ## - BIBLIOGRAPHY, ETC. NOTE |
| Bibliography, etc. note |
Includes bibliographical references and index. |
| 533 ## - REPRODUCTION NOTE |
| Type of reproduction |
Electronic reproduction. |
| Place of reproduction |
Palo Alto, Calif. : |
| Agency responsible for reproduction |
ebrary, |
| Date of reproduction |
2009. |
| Note about reproduction |
Available via World Wide Web. |
| -- |
Access may be limited to ebrary affiliated libraries. |
| 650 #0 - SUBJECT ADDED ENTRY--TOPICAL TERM |
| Topical term or geographic name entry element |
Mechanical engineering |
| Form subdivision |
Handbooks, manuals, etc. |
| 650 #0 - SUBJECT ADDED ENTRY--TOPICAL TERM |
| Topical term or geographic name entry element |
Mechanics. |
| 655 #7 - INDEX TERM--GENRE/FORM |
| Genre/form data or focus term |
Electronic books. |
| Source of term |
local |
| 700 1# - ADDED ENTRY--PERSONAL NAME |
| Personal name |
Avallone, Eugene A. |
| Title of a work |
Marks' standard handbook for mechanical engineers. |
| Version |
10th ed. |
| 700 1# - ADDED ENTRY--PERSONAL NAME |
| Personal name |
Baumeister, Theodore, |
| Dates associated with a name |
1926- |
| 700 1# - ADDED ENTRY--PERSONAL NAME |
| Personal name |
Sadegh, Ali M. |
| 700 1# - ADDED ENTRY--PERSONAL NAME |
| Personal name |
Marks, Lionel S. |
| Fuller form of name |
(Lionel Simeon), |
| Dates associated with a name |
1871- |
| 710 2# - ADDED ENTRY--CORPORATE NAME |
| Corporate name or jurisdiction name as entry element |
ebrary, Inc. |
| 856 40 - ELECTRONIC LOCATION AND ACCESS |
| Uniform Resource Identifier |
<a href="http://www.columbia.edu/cgi-bin/cul/resolve?clio9175484">http://www.columbia.edu/cgi-bin/cul/resolve?clio9175484</a> |
| Public note |
Click here for full text. |
| 942 ## - ADDED ENTRY ELEMENTS (KOHA) |
| Source of classification or shelving scheme |
|
| Koha item type |
Book |